000 00362cam a2200145ua 4500
041 _aben
_h
082 _a944.04
_bBEL/FR
100 _aBellog, Hilaire .
245 _aFrench revolution /
_cHilaire Bellog.
_hTextual Documents
260 _aLondon :
_bOxford University Press ,
_c1960.
300 _a205 ; .
504 _a
942 _cBK
999 _c5778
_d5778